书目信息 |
| 题名: |
生活的启示
|
|
| 作者: | 张青 编译 | |
| 分册: | ||
| 出版信息: | 上海 上海人民出版社 1989.1 |
|
| 页数: | 398页 | |
| 开本: | 19cm | |
| 丛书名: | 青年译丛 | |
| 单 册: | ||
| 中图分类: | D432.64 | |
| 科图分类: | ||
| 主题词: | 青年--生活--问题--中国 | |
| 电子资源: | ||
| ISBN: | 7-208-00428-5 | |
| 000 | 00722nam2 2200241 45 | |
| 001 | 0189010099 | |
| 005 | 20050328094505.2 | |
| 010 | @a7-208-00428-5@dCNY3.90 | |
| 020 | @aCN@b89010099 | |
| 100 | @a19910105d1989 m y0chiy0120 ea | |
| 101 | 0 | @achi |
| 102 | @aCN@b310000 | |
| 105 | @ay z 000zy | |
| 200 | 10 | @a生活的启示@Asheng huo de qi shi@e美国《读者文摘》选萃@Emei guo 《 du zhe wen zhai 》 xuan cui@f张青等编译@Fzhang qing deng bian yi |
| 210 | @a上海@c上海人民出版社@d1989.1 | |
| 215 | @a398页@d19cm | |
| 225 | 2 | @a青年译丛 |
| 410 | 0 | @120010@a青年译丛 |
| 606 | 0 | @a青年@x生活@x问题@x中国 |
| 690 | @aD432.64@v3 | |
| 701 | 0 | @a张青@4编译 |
| 801 | 0 | @aCN@bNLC@c19910105 |
| 905 | @f1@b228024@dD432.64@e124 | |
| 生活的启示:美国《读者文摘》选萃/张青等编译.-上海:上海人民出版社,1989.1 |
| 398页;19cm.-(青年译丛) |
| ISBN 7-208-00428-5:CNY3.90 |
| ● |
| 相关链接 |
|
|
|
|
正题名:生活的启示
索取号:D432.64/124
 
预约/预借
| 序号 | 登录号 | 条形码 | 馆藏地/架位号 | 状态 | 备注 |
| 1 | 0228024 | 002032473 | 密集书库/ [索取号:D432.64/124] | 在馆 | |
| 2 | 0228025 | 000458542 | 第一样本阅览室/ [索取号:D432.64/124] | 在馆 |